| 000 -LEADER |
| fixed length control field |
00800nam a2200205Ia 4500 |
| 001 - CONTROL NUMBER |
| control field |
12504 |
| 003 - CONTROL NUMBER IDENTIFIER |
| control field |
GE_BSU |
| 008 - FIXED-LENGTH DATA ELEMENTS--GENERAL INFORMATION |
| fixed length control field |
181216s||||||||xx |||||||||||||| ||und|| |
| 040 ## - CATALOGING SOURCE |
| Transcribing agency |
GE_BSU |
| 080 ## - UNIVERSAL DECIMAL CLASSIFICATION NUMBER |
| Universal Decimal Classification number |
635.977 |
| 245 ## - TITLE STATEMENT |
| Title |
Сборник трудов по зеленому строительству |
| 245 ## - TITLE STATEMENT |
| Remainder of title |
Сочинская научно-исследовательская опытная станция субтропического лесного и лесопаркового хозяиства |
| 245 ## - TITLE STATEMENT |
| Statement of responsibility, etc. |
Ред.А.Л.Коркешко |
| 260 ## - PUBLICATION, DISTRIBUTION, ETC. |
| Place of publication, distribution, etc. |
Москва |
| 260 ## - PUBLICATION, DISTRIBUTION, ETC. |
| Name of publisher, distributor, etc. |
Лесная промышленность |
| 260 ## - PUBLICATION, DISTRIBUTION, ETC. |
| Date of publication, distribution, etc. |
1964 |
| 300 ## - PHYSICAL DESCRIPTION |
| Extent |
219стр.22см.илл. |
| 653 ## - INDEX TERM--UNCONTROLLED |
| Uncontrolled term |
Сборник трудов по зеленому строительству |
| 942 ## - ADDED ENTRY ELEMENTS (KOHA) |
| Koha item type |
წიგნი |